| 000 | 00671nam a2200253Ia 4500 | ||
|---|---|---|---|
| 005 | 20250425162130.0 | ||
| 008 | 250425s9999 xx 000 0 und d | ||
| 020 | _a9681859103 | ||
| 041 | _aspa | ||
| 082 | _a658.3 | ||
| 100 | _aDE CENZO, DAVID A. | ||
| 245 | 0 | _aADMINISTRACION DE RECURSOS HUMANOS | |
| 250 | _a1A ED. | ||
| 260 | _aMEXICO | ||
| 260 |
_aMéxico _bLIMUSA _c2001 |
||
| 300 | _a546 | ||
| 500 | _aTítulo Traducido: HUMAN RESOURCE MANAGEMENT | ||
| 650 | _aGESTION DE PERSONAL | ||
| 650 | _aRECURSOS HUMANOS-DESARROLLO | ||
| 650 | _aRELACIONES LABORALES | ||
| 700 |
_aMARIA TERESA GARCIA ARROYO _etraductor |
||
| 942 | _c01 | ||
| 010 | _a51905 | ||
| 999 |
_c222959 _d222959 |
||